Kabarak Journal of Law and Ethics (Record no. 20512)
[ view plain ]
| 000 -LEADER | |
|---|---|
| fixed length control field | 00299nam a22001097a 4500 |
| 008 - FIXED-LENGTH DATA ELEMENTS--GENERAL INFORMATION | |
| fixed length control field | 240926b |||||||| |||| 00| 0 eng d |
| 020 ## - INTERNATIONAL STANDARD BOOK NUMBER | |
| International Standard Book Number | 27071596 |
| 245 ## - TITLE STATEMENT | |
| Title | Kabarak Journal of Law and Ethics |
| 260 ## - PUBLICATION, DISTRIBUTION, ETC. (IMPRINT) | |
| Place of publication, distribution, etc. | Nairobi, Kenya |
| Name of publisher, distributor, etc. | Kabarak University Press |
| Date of publication, distribution, etc. | 2022 |
| 300 ## - PHYSICAL DESCRIPTION | |
| Extent | xvii, 225p. |
| 942 ## - ADDED ENTRY ELEMENTS (KOHA) | |
| Source of classification or shelving scheme | Library of Congress Classification |
| Koha item type | Periodicals |
| Withdrawn status | Lost status | Source of classification or shelving scheme | Not for loan | Home library | Current library | Date acquired | Total Checkouts | Full call number | Barcode | Date last seen | Date last checked out | Copy number | Price effective from | Koha item type | Inventory number |
|---|---|---|---|---|---|---|---|---|---|---|---|---|---|---|---|
| Library of Congress Classification | Kabarak, Main Campus | Kabarak, Main Campus | 26/09/2024 | 2 | V.6 2022 C.1 | 33680 | 18/02/2025 | 05/02/2025 | C.1 | 26/09/2024 | Periodicals | ||||
| Library of Congress Classification | Kabarak, Main Campus | Kabarak, Main Campus | 26/09/2024 | 2 | V.6 2022 C.2 | 33676 | 06/02/2025 | 22/01/2025 | C.2 | 26/09/2024 | Periodicals | ||||
| Library of Congress Classification | Kabarak, Main Campus | Kabarak, Main Campus | 18/06/2025 | V.6 2022 C.3 | 33316 | 18/06/2025 | C.3 | 18/06/2025 | Periodicals | 2025/2164 | |||||
| Library of Congress Classification | Kabarak, Main Campus | Kabarak, Main Campus | 18/06/2025 | V.6 2022 C.4 | 33328 | 18/06/2025 | C.4 | 18/06/2025 | Periodicals | 2025/2164 | |||||
| Library of Congress Classification | Kabarak, Main Campus | Kabarak, Main Campus | 18/06/2025 | V.6 2022 C.5 | 33321 | 18/06/2025 | C.5 | 18/06/2025 | Periodicals | 2025/2164 | |||||
| Library of Congress Classification | Kabarak, Main Campus | Kabarak, Main Campus | 18/06/2025 | V.6 2022 C.6 | 33322 | 18/06/2025 | C.6 | 18/06/2025 | Periodicals | 2025/2165 | |||||
| Library of Congress Classification | Kabarak, Main Campus | Kabarak, Main Campus | 18/06/2025 | V.6 2022 C.7 | 33323 | 18/06/2025 | C.7 | 18/06/2025 | Periodicals | 2025/2163 |